[Event "Gatineau Feuille d'Erable U1600"]
[Site "Gatineau"]
[Date "2018.11.13"]
[Round "4"]
[White "Sabourin, Yves"]
[Black "Pearce, Thomas"]
[Result "0-1"]
[WhiteElo "1464"]
[BlackElo "1521"]
[PlyCount "84"]
[EventDate "2018.10.23"]
[EventType "swiss"]
[EventRounds "5"]
[EventCountry "CAN"]
[SourceTitle "EXT 2022"]
[Source "ChessBase"]
[SourceDate "2021.10.06"]
[SourceVersion "1"]
[SourceVersionDate "2021.10.06"]
[SourceQuality "1"]

1. e4 c5 2. c3 e6 3. d4 cxd4 4. cxd4 Nf6 5. Bd3 Nc6 6. Nf3 b6 7. Bf4 Bb4+ 8. Nc3 Bb7 9. a3 Be7 10. 0-0 d6 11. Qc2 Nh5 12. Bd2 0-0 13. e5 g6 14. Be4 d5 15. Bd3 Rc8 16. Bb5 f5 17. Bxc6 Bxc6 18. Qc1 f4 19. g3 g5 20. g4 Ng7 21. b4 Be8 22. Qb2 h5 23. h3 Bg6 24. Rac1 hxg4 25. hxg4 Be4 26. Nxe4 dxe4 27. Rxc8 Qxc8 28. Rc1 Qb7 29. Ne1 Kf7 30. Qc3 Rh8 31. Qc6 Qxc6 32. Rxc6 Rh4 33. f3 exf3 34. Nxf3 Rxg4+ 35. Kf2 Nf5 36. Rc7 Nh4 37. Nxh4 Rxh4 38. Rxa7 Rh7 39. Rb7 Kg6 40. Rxb6 Kf5 41. Rb7 g4 42. b5 Bh4+ 0-1

[Event "Gatineau Special Hiver Suisse"]
[Site "Gatineau"]
[Date "2018.02.13"]
[Round "2"]
[White "Sabourin, Yves"]
[Black "Gagnon, Fabien"]
[Result "0-1"]
[WhiteElo "1514"]
[BlackElo "1838"]
[PlyCount "74"]
[EventDate "2018.02.06"]
[EventType "swiss"]
[EventRounds "5"]
[EventCountry "CAN"]
[SourceTitle "EXT 2022"]
[Source "ChessBase"]
[SourceDate "2021.10.06"]
[SourceVersion "1"]
[SourceVersionDate "2021.10.06"]
[SourceQuality "1"]

1. e4 c5 2. c3 e6 3. d4 d5 4. exd5 exd5 5. Nf3 Nc6 6. Be3 c4 7. g3 Bd6 8. Bg2 Bg4 9. Nbd2 Qd7 10. h3 Bf5 11. Ng1 Nge7 12. Ne2 0-0 13. Bf4 Bxf4 14. Nxf4 g5 15. Ne2 Ng6 16. Nf1 Rae8 17. Ne3 Be4 18. 0-0 f5 19. Bxe4 Rxe4 20. Ng2 f4 21. f3 Rxe2 22. Qxe2 fxg3 23. Rae1 Nd8 24. Ne3 Nf4 25. Qd2 Nxh3+ 26. Kg2 Nf4+ 27. Kg1 h5 28. Qc2 Nd3 29. Re2 Ne6 30. Ng2 Nef4 31. Nxf4 Nxf4 32. Re5 Qh3 33. Rxg5+ Kh8 34. Rb1 g2 35. Kf2 Nd3+ 36. Ke2 Qxf3+ 37. Kd2 Qf2+ 0-1

[Event "Gatineau Special Hiver Suisse"]
[Site "Gatineau"]
[Date "2018.02.06"]
[Round "1"]
[White "Chen, Daniel1111"]
[Black "Sabourin, Yves"]
[Result "0-1"]
[WhiteElo "928"]
[BlackElo "1514"]
[PlyCount "52"]
[EventDate "2018.02.06"]
[EventType "swiss"]
[EventRounds "5"]
[EventCountry "CAN"]
[SourceTitle "EXT 2022"]
[Source "ChessBase"]
[SourceDate "2021.10.06"]
[SourceVersion "1"]
[SourceVersionDate "2021.10.06"]
[SourceQuality "1"]

1. e4 e5 2. Bc4 Nf6 3. Nc3 Nc6 4. Nf3 a6 5. Ng5 d5 6. exd5 Na5 7. Qe2 Bd6 8. Nce4 Nxc4 9. Qxc4 Nxe4 10. Nxe4 0-0 11. d3 b5 12. Qc6 Bd7 13. Qc3 b4 14. Qc4 Be7 15. 0-0 f5 16. d6+ Kh8 17. dxe7 Qxe7 18. Ng5 f4 19. h4 h6 20. Nf3 Bg4 21. Ng5 hxg5 22. hxg5 Qxg5 23. g3 Bf3 24. Re1 Qh6 25. Rxe5 Qh3 26. Bxf4 Qg2# 0-1

[Event "Outaouais-ch Reserve"]
[Site "Gatineau"]
[Date "2017.05.16"]
[Round "5"]
[White "Sabourin, Yves"]
[Black "Danilov, Alex"]
[Result "0-1"]
[WhiteElo "1499"]
[BlackElo "1705"]
[PlyCount "136"]
[EventDate "2017.04.18"]
[EventType "swiss"]
[EventRounds "7"]
[EventCountry "CAN"]
[SourceTitle "EXT 2022"]
[Source "ChessBase"]
[SourceDate "2021.10.06"]
[SourceVersion "1"]
[SourceVersionDate "2021.10.06"]
[SourceQuality "1"]

1. e4 c5 2. c3 e6 3. d4 Nc6 4. Bd3 Nf6 5. Nf3 cxd4 6. cxd4 Nb4 7. 0-0 b6 8. Nc3 Be7 9. Bg5 Nxd3 10. Qxd3 0-0 11. e5 Ne8 12. Bxe7 Qxe7 13. Rfc1 Bb7 14. Nb5 Ba6 15. Qa3 Qxa3 16. Nxa3 f6 17. Nc4 Rc8 18. Ne3 Nc7 19. Rc2 Nd5 20. Rac1 Nxe3 21. fxe3 Kf7 22. Rc7 Ke7 23. R1c3 Ra8 24. Ra3 Kd8 25. Rac3 Bb5 26. exf6 Rxf6 27. Kf2 Bc6 28. R7xc6 dxc6 29. Rxc6 Kd7 30. Rc3 Rc8 31. Ke2 Rxc3 32. bxc3 Rf8 33. Ne5+ Kd6 34. a4 Rc8 35. Kd3 Rf8 36. Ke2 Rf5 37. e4 Rf8 38. g3 Kc7 39. Nd3 Kb7 40. Nb4 g5 41. c4 g4 42. d5 Kc7 43. Nc6 exd5 44. cxd5 a6 45. Nd4 Kd6 46. Ke3 Rf1 47. Nf5+ Ke5 48. d6 Rf3+ 49. Kd2 Kxe4 50. Nh6 Rd3+ 51. Kc2 Rxd6 52. Nxg4 h5 53. Nf2+ Kf3 54. Nh3 Kg2 55. Nf4+ Kxh2 56. Nxh5 Kh3 57. Kc3 Kg4 58. Ng7 Rc6+ 59. Kb4 Kxg3 60. Nf5+ Kf4 61. Nd4 Rd6 62. Kc4 Ke4 63. Nc2 Rc6+ 64. Kb3 Rxc2 65. Kxc2 Kd4 66. Kb3 Kd3 67. Kb4 Kc2 68. Ka3 Kc3 0-1

[Event "Outaouais-ch Reserve"]
[Site "Gatineau"]
[Date "2017.05.09"]
[Round "4"]
[White "Rioux, Jocelyn"]
[Black "Sabourin, Yves"]
[Result "0-1"]
[WhiteElo "1513"]
[BlackElo "1499"]
[PlyCount "86"]
[EventDate "2017.04.18"]
[EventType "swiss"]
[EventRounds "7"]
[EventCountry "CAN"]
[SourceTitle "EXT 2022"]
[Source "ChessBase"]
[SourceDate "2021.10.06"]
[SourceVersion "1"]
[SourceVersionDate "2021.10.06"]
[SourceQuality "1"]

1. e4 e5 2. Nf3 Nf6 3. Nxe5 d6 4. Nf3 Nxe4 5. d3 Nf6 6. Be2 Be7 7. 0-0 0-0 8. Nc3 Re8 9. Bf4 Bd7 10. d4 c6 11. d5 Bf8 12. dxc6 Bxc6 13. Bb5 a6 14. Bxc6 bxc6 15. Bg5 Nbd7 16. Re1 Be7 17. Nd4 Qc7 18. Nf5 Bf8 19. Bf4 Ne5 20. h3 Qd7 21. Bxe5 Qxf5 22. Bxf6 Qxf6 23. Qd3 a5 24. a4 d5 25. Rxe8 Rxe8 26. Kf1 Bb4 27. Re1 Rxe1+ 28. Kxe1 d4 29. Kd1 dxc3 30. bxc3 Qxc3 31. Qd8+ Bf8 32. Qd3 Qa1+ 33. Kd2 Qxa4 34. Qb3 Qb5 35. Qd3 a4 36. Qxb5 cxb5 37. c3 Bc5 38. f3 Kf8 39. Kd3 Ke7 40. Kc2 Ke6 41. Kd3 a3 42. Kc2 Kd5 43. Kb3 b4 0-1

[Event "Gatineau Automne-B"]
[Site "Gatineau"]
[Date "2016.11.15"]
[Round "4"]
[White "Sabourin, Yves"]
[Black "Sigouin, Frederic"]
[Result "1-0"]
[WhiteElo "1463"]
[BlackElo "1148"]
[PlyCount "67"]
[EventDate "2016.10.25"]
[EventType "swiss"]
[EventRounds "5"]
[EventCountry "CAN"]
[SourceTitle "EXT 2022"]
[Source "ChessBase"]
[SourceDate "2021.10.06"]
[SourceVersion "1"]
[SourceVersionDate "2021.10.06"]
[SourceQuality "1"]

1. e4 e5 2. Nf3 Nc6 3. Bb5 Nf6 4. d3 d6 5. 0-0 g6 6. c3 Bd7 7. Nbd2 h6 8. b4 Bg7 9. Bb2 0-0 10. a3 a6 11. Ba4 b5 12. Bb3 Qe7 13. c4 Bg4 14. Qc2 Nd8 15. cxb5 axb5 16. Rfc1 c6 17. a4 Qc7 18. axb5 Rb8 19. bxc6 Rxb4 20. Ba3 Rb6 21. Bd5 Nxd5 22. exd5 e4 23. dxe4 Bxa1 24. Rxa1 Qa7 25. c7 Nb7 26. Bb2 Ra6 27. Qc3 Rxa1+ 28. Bxa1 f6 29. Nb3 Nc5 30. Nxc5 dxc5 31. h3 Bxf3 32. Qxf6 Qxc7 33. Qh8+ Kf7 34. Qh7+ 1-0

[Event "Gatineau Hull CC Reserve-A"]
[Site "Gatineau"]
[Date "2015.12.01"]
[Round "2"]
[White "Sabourin, Yves"]
[Black "Danilov, Alex"]
[Result "1/2-1/2"]
[WhiteElo "1497"]
[BlackElo "1766"]
[PlyCount "103"]
[EventDate "2015.11.24"]
[EventType "swiss"]
[EventRounds "5"]
[EventCountry "CAN"]
[SourceTitle "EXT 2022"]
[Source "ChessBase"]
[SourceDate "2021.10.06"]
[SourceVersion "1"]
[SourceVersionDate "2021.10.06"]
[SourceQuality "1"]

1. d4 Nf6 2. c4 e6 3. Nc3 Bb4 4. a3 Bxc3+ 5. bxc3 c5 6. Bg5 0-0 7. Nf3 b6 8. e3 h6 9. Bf4 d5 10. Bd3 Nc6 11. h3 Na5 12. Ne5 Bb7 13. 0-0 Rc8 14. Rc1 dxc4 15. Nxc4 Qd5 16. e4 Nxe4 17. Nxa5 bxa5 18. Qf3 cxd4 19. Qxe4 Qxe4 20. Bxe4 Bxe4 21. cxd4 Rfd8 22. Rxc8 Rxc8 23. Rc1 Rxc1+ 24. Bxc1 Kf8 25. h4 Ke7 26. g3 Kd6 27. Bd2 Kd5 28. Bc3 a4 29. Kf1 Kc4 30. Bb2 Kd3 31. d5 exd5 32. Bxg7 h5 33. Ke1 Bf3 34. Bh6 Bg4 35. Bf4 Kc2 36. Be3 a6 37. Bc5 Kd3 38. Bb4 d4 39. Be7 Kc3 40. Bb4+ Kd3 41. Ba5 f6 42. Bb6 f5 43. Ba5 Kc2 44. Bd2 Bf3 45. Bb4 d3 46. Bd2 Kb3 47. Bb4 a5 48. Be7 f4 49. Kd2 fxg3 50. fxg3 Be4 51. Bd6 Kc4 52. Bc7 1/2-1/2

[Event "CEH-ch Releve II"]
[Site "Gatineau"]
[Date "2015.04.14"]
[Round "2"]
[White "Arcand, Pierre"]
[Black "Sabourin, Yves"]
[Result "0-1"]
[WhiteElo "1142"]
[BlackElo "1427"]
[PlyCount "106"]
[EventDate "2015.04.07"]
[EventType "swiss"]
[EventRounds "6"]
[EventCountry "CAN"]
[SourceTitle "EXT 2016"]
[Source "ChessBase"]
[SourceDate "2015.10.08"]
[SourceVersion "1"]
[SourceVersionDate "2015.10.08"]
[SourceQuality "1"]

1. e4 c5 2. Nf3 Nc6 3. Bb5 a6 4. Bxc6 bxc6 5. Nc3 e6 6. 0-0 d5 7. d3 Nf6 8. Bg5 Be7 9. Qe2 0-0 10. d4 cxd4 11. Nxd4 Qb6 12. Qd3 e5 13. Nf5 Bxf5 14. exf5 Qxb2 15. Rfb1 Qa3 16. Ne2 Qxd3 17. cxd3 Rab8 18. Rb3 Rb4 19. Rxb4 Bxb4 20. Bxf6 gxf6 21. Rb1 Rb8 22. g4 Bd6 23. Rxb8+ Bxb8 24. Kg2 Kf8 25. f4 exf4 26. Kf3 c5 27. Nxf4 Bxf4 28. Kxf4 Ke7 29. Ke3 Kd6 30. h4 c4 31. dxc4 dxc4 32. Kd4 c3 33. Kxc3 Ke5 34. Kb4 Kf4 35. Ka5 Kxg4 36. Kxa6 Kxf5 37. a4 Kg4 38. a5 f5 39. Kb6 f4 40. a6 f3 41. a7 f2 42. a8Q f1Q 43. Qg8+ Kh3 44. Qxh7 Qf6+ 45. Kc5 Qg6 46. Qh8 f5 47. Kd5 Qf7+ 48. Ke5 f4 49. h5 Qc7+ 50. Ke4 Qf7 51. Qc3+ Kg4 52. Qf3+ Kg5 53. h6 Qb7+ 0-1

[Event "Gatineau Benevoles"]
[Site "Gatineau"]
[Date "2013.12.24"]
[Round "3"]
[White "Legare, Gilles"]
[Black "Sabourin, Yves"]
[Result "0-1"]
[WhiteElo "1130"]
[BlackElo "1459"]
[PlyCount "68"]
[EventDate "2013.12.10"]
[EventType "swiss"]
[EventRounds "4"]
[EventCountry "CAN"]
[SourceTitle "EXT 2022"]
[Source "ChessBase"]
[SourceDate "2021.10.06"]
[SourceVersion "1"]
[SourceVersionDate "2021.10.06"]
[SourceQuality "1"]

1. e4 e6 2. Nf3 d5 3. e5 c5 4. d4 Nc6 5. Bb5 Bd7 6. Nc3 cxd4 7. Bg5 Be7 8. Bxc6 dxc3 9. Bxd7+ Qxd7 10. bxc3 Qc7 11. Bd2 Bc5 12. 0-0 Ne7 13. Nd4 Qxe5 14. Re1 Qf6 15. Qe2 a6 16. Qh5 Bxd4 17. cxd4 Qxd4 18. Rad1 Qf6 19. Bg5 Qg6 20. Qg4 h6 21. Re5 hxg5 22. Rxg5 Qh6 23. Qg3 Nf5 24. Rxf5 exf5 25. Re1+ Kd7 26. Qe5 Qd6 27. Qxf5+ Kc6 28. g3 Rae8 29. Rd1 Qe6 30. Qd3 Kc7 31. Rb1 Qh3 32. Qc3+ Kb8 33. Rxb7+ Kxb7 34. Qb3+ Ka7 0-1

[Event "Gatineau LEO-B"]
[Site "Gatineau"]
[Date "2010.05.15"]
[Round "6"]
[White "Sabourin, Yves"]
[Black "Berthiaume, Serge"]
[Result "0-1"]
[WhiteElo "1473"]
[BlackElo "1300"]
[PlyCount "128"]
[EventDate "2010.04.13"]
[EventType "swiss"]
[EventRounds "6"]
[EventCountry "CAN"]
[SourceTitle "EXT 2011"]
[Source "ChessBase"]
[SourceDate "2010.11.26"]
[SourceVersion "1"]
[SourceVersionDate "2010.11.26"]
[SourceQuality "1"]

1. e4 e5 2. Nf3 Nf6 3. Nxe5 d6 4. Nf3 Nxe4 5. d4 d5 6. Bd3 Nc6 7. 0-0 Be7 8. Nbd2 Bg4 9. c3 f5 10. Be2 0-0 11. Nxe4 fxe4 12. Ne1 Bxe2 13. Qxe2 Bf6 14. f3 Re8 15. Nc2 Re6 16. Be3 Ne7 17. Rae1 Ng6 18. Qd2 c6 19. fxe4 Rxe4 20. Bf2 Rxe1 21. Rxe1 Qb6 22. b3 Rf8 23. Be3 Be7 24. Bg5 Bd6 25. Re6 Qa6 26. Qe2 Qxe2 27. Rxe2 h6 28. Re6 Bf4 29. Bxf4 Nxf4 30. Re7 Rf7 31. Re8+ Kh7 32. g3 Nh3+ 33. Kg2 Rf2+ 34. Kxh3 Rxc2 35. Re7 Rxc3 36. Rxb7 Rd3 37. Rc7 Rxd4 38. Rxc6 Rd1 39. Ra6 d4 40. Kg4 d3 41. Kf3 Re1 42. Rd6 Re2 43. a4 Rxh2 44. Rxd3 Rb2 45. Kf4 g5+ 46. Kf5 Rf2+ 47. Ke4 Kg6 48. g4 Rf4+ 49. Ke3 Rxg4 50. Kf3 Rf4+ 51. Ke3 h5 52. Rd6+ Kf5 53. Rd5+ Kg4 54. Ke2 h4 55. Rd1 h3 56. Rg1+ Kh4 57. Rf1 Rxf1 58. Kxf1 g4 59. b4 g3 60. Kg1 Kg4 61. b5 Kf3 62. b6 axb6 63. a5 h2+ 64. Kh1 g2+ 0-1